| 000 | 00398nam a2200157Ia 4500 | ||
|---|---|---|---|
| 008 | 220216s9999 xx 000 0 und d | ||
| 100 | _aAnanth K C | ||
| 245 | 0 | _aNote on the use of translocated and contact herbicides | |
| 260 |
_bRubber Board Bulletin _c1966 |
||
| 300 | _a211-217 | ||
| 650 | _aHerbicides | ||
| 650 | _aRubber | ||
| 700 | _aJacob K T | ||
| 700 | _aSethuraj M R | ||
| 942 | _cJS | ||
| 999 |
_c64063 _d64063 |
||